Applied Linear Algebra /

Contenido: Espacios vectoriales; Matrices; Inversos generalizados; Transformaciones lineales; Problemas de autovalor; Funciones de una matriz; Matrices irreductibles y monótonas; Apéndices (Determinantes y ecuaciones lineales).

Gespeichert in:
Bibliographische Detailangaben
1. Verfasser: Usmani, Riaz A. (autor)
Format: Buch
Sprache:Englisch
Veröffentlicht: Nueva York, EUA : Marcel Dekker, 1987, c1987
Schriftenreihe:(Monographs and Textbooks in Pure and Applied Mathematics ; 105)
Schlagworte:
Tags: Tag hinzufügen
Keine Tags, Fügen Sie das erste Tag hinzu!

MARC

LEADER 00000nam^a2200000^a^4500
001 000150420
005 20250521000000.0
009 20260310100136.282
020 |a 0-8247-7622-4 
037 |a Acervo ITESO - Biblioteca 
041 |a ING 
082 |a 512. 5  |b USM 
100 |a Usmani, Riaz A.  |e (autor) 
245 1 0 |a Applied Linear Algebra /  |c R.A. Usmani. 
264 4 |a Nueva York, EUA :  |b Marcel Dekker,  |c 1987, c1987 
300 |a VI, 258 p. 
336 |a texto  |b txt  |2 rdacontenido 
337 |a sin mediación  |b n  |2 rdamedio 
338 |a volumen  |b nc  |2 rdasoporte 
440 1 |a (Monographs and Textbooks in Pure and Applied Mathematics ;  |v 105) 
520 |a Contenido: Espacios vectoriales; Matrices; Inversos generalizados; Transformaciones lineales; Problemas de autovalor; Funciones de una matriz; Matrices irreductibles y monótonas; Apéndices (Determinantes y ecuaciones lineales). 
649 |a XX 
650 |a Espacios Vectoriales 
650 |a Matrices (Matemáticas) 
650 |a Transformaciones Lineales 
650 |a Algebra de Lie 
650 |a Algebra Lineal 
650 |a Matemáticas 
910 |a Fondo General 
920 |a Impresos - Libros 
930 |a Colección General 
905 |a 101 
901 |a 0500080257  |b IT1  |c ACC  |u 20250521 
902 |a https://opac.biblio.iteso.mx/vufind/Record/000150420